مكتبة جامعة عجلون الوطنية

فهرس بحث المكتبة

Normal view MARC view
  • حواس ،زاهي

Entry Personal Name

Number of records used in: 1

001 - CONTROL NUMBER

  • control field: 19126

003 - CONTROL NUMBER IDENTIFIER

  • control field: JO-AjAnu

005 - DATE AND TIME OF LATEST TRANSACTION

  • control field: 20230606073340.0

008 - FIXED-LENGTH DATA ELEMENTS

  • fixed length control field: 230606|| aca||aabn | a|a d

040 ## - CATALOGING SOURCE

  • Original cataloging agency: JO-AjAnu
  • Transcribing agency: JO-AjAnu

100 ## - HEADING--PERSONAL NAME

  • Personal name: حواس ،زاهي

670 ## - SOURCE DATA FOUND

  • Source citation: Work cat.: (JO-AjAnu)9816: حواس ،زاهي, author, معجزة الهرم الاكبر